Optical networking crash course [electronic resource] (Record no. 576657)

000 -LEADER
fixed length control field 00440nam a22001457a 4500
020 ## - INTERNATIONAL STANDARD BOOK NUMBER
International Standard Book Number 007138281X
082 ## - DEWEY DECIMAL CLASSIFICATION NUMBER
Classification number 280 SCB
100 ## - MAIN ENTRY--PERSONAL NAME
Personal name Shepard, Steven
9 (RLIN) 65350
245 ## - TITLE STATEMENT
Title Optical networking crash course [electronic resource]
260 ## - PUBLICATION, DISTRIBUTION, ETC.
Place of publication, distribution, etc. New York
Name of publisher, distributor, etc. McGraw-Hill
Date of publication, distribution, etc. 2001
300 ## - PHYSICAL DESCRIPTION
Extent 269 p
Other physical details ill., maps.xviii
490 ## - SERIES STATEMENT
Series statement McGraw-Hill telecommunications:
650 ## - SUBJECT ADDED ENTRY--TOPICAL TERM
Topical term or geographic name entry element Optical communications | Computer networks
9 (RLIN) 69316
942 ## - ADDED ENTRY ELEMENTS (KOHA)
Koha item type Book
Holdings
Withdrawn status Lost status Damaged status Not for loan Permanent Location Current Location Shelving location Date acquired Total Checkouts Full call number Barcode Date last seen Price effective from Koha item type
        College of Electrical & Mechanical Engineering (CEME) College of Electrical & Mechanical Engineering (CEME) General Stacks 12/20/2017   280 SCB CEME -SCB-19087 06/28/2021 06/28/2021 Book
© 2023 Central Library, National University of Sciences and Technology. All Rights Reserved.